[Event "Titled Tuesday intern op 02nd May Early"]
[Site "Chess.com INT"]
[Date "2023.05.02"]
[Round "2"]
[White "Sjugirov, Sanan"]
[Black "Sellitti, Federico"]
[Result "1-0"]
[WhiteElo "2712"]
[BlackElo "2176"]
[PlyCount "79"]
[EventDate "2023.05.02"]
[EventType "swiss (blitz)"]
[EventRounds "11"]
[EventCountry "USA"]
[SourceTitle "EXT 2024"]
[Source "ChessBase"]
[SourceDate "2023.10.10"]
[SourceVersion "1"]
[SourceVersionDate "2023.10.10"]
[SourceQuality "1"]

1. d4 d5 2. c4 Nc6 3. cxd5 Qxd5 4. e3 e5 5. Nc3 Bb4 6. a3 Bxc3+ 7. bxc3 Nf6 8. c4 Qd6 9. d5 Ne7 10. a4 Bg4 11. f3 Bh5 12. Ba3 Qd7 13. Ne2 e4 14. Nf4 exf3 15. Nxh5 Nxh5 16. Qxf3 Qf5 17. Qxf5 Nxf5 18. g4 Nxe3 19. gxh5 Nc2+ 20. Kd2 Nxa1 21. Kc3 0-0-0 22. Bh3+ Kb8 23. Rxa1 Rhe8 24. Kd3 Re5 25. Bg4 Rde8 26. Bc5 f5 27. Bf3 g5 28. hxg6 hxg6 29. Rg1 f4 30. Kd2 g5 31. Bd4 Rf5 32. Bg4 Rff8 33. Be6 f3 34. Bf2 Rf4 35. Kd3 g4 36. Rxg4 Rxg4 37. Bxg4 Re2 38. Bg3 Ra2 39. Bxf3 Rxa4 40. h4 1-0

[Event "Titled Tuesday intern op 29th Nov Early"]
[Site "Chess.com INT"]
[Date "2022.11.29"]
[Round "2"]
[White "Sellitti, Federico"]
[Black "Oparin, Grigoriy"]
[Result "0-1"]
[WhiteElo "2176"]
[BlackElo "2683"]
[PlyCount "70"]
[EventDate "2022.11.29"]
[EventType "swiss (blitz)"]
[EventRounds "11"]
[EventCountry "USA"]
[SourceTitle "EXT 2024"]
[Source "ChessBase"]
[SourceDate "2023.10.10"]
[SourceVersion "1"]
[SourceVersionDate "2023.10.10"]
[SourceQuality "1"]

1. e4 c5 2. Nc3 e6 3. g3 g6 4. Bg2 Bg7 5. d3 Nc6 6. Be3 d6 7. Qd2 Rb8 8. Nge2 b5 9. 0-0 b4 10. Nd1 Nge7 11. Bh6 0-0 12. Bxg7 Kxg7 13. Ne3 e5 14. f4 f6 15. h3 Be6 16. g4 Bf7 17. g5 fxg5 18. fxg5 Be6 19. Ng3 Qd7 20. Kh2 Rf4 21. Nd5 Rxf1 22. Rxf1 Bxd5 23. exd5 Nd4 24. Ne4 Nxd5 25. Qf2 Nf4 26. Nf6 Qf5 27. Qh4 h5 28. gxh6+ Kh8 29. Be4 Qe6 30. Qg5 Rf8 31. c3 Qxh3+ 32. Kg1 Nde6 33. Qg4 Rxf6 34. Rxf4 Nxf4 35. Qc8+ Qxc8 0-1

[Event "Titled Tuesday intern op 29th Nov Early"]
[Site "Chess.com INT"]
[Date "2022.11.29"]
[Round "11"]
[White "Sellitti, Federico"]
[Black "Reprintsev, Alexander"]
[Result "0-1"]
[WhiteElo "2176"]
[BlackElo "2330"]
[PlyCount "164"]
[EventDate "2022.11.29"]
[EventType "swiss (blitz)"]
[EventRounds "11"]
[EventCountry "USA"]
[SourceTitle "EXT 2024"]
[Source "ChessBase"]
[SourceDate "2023.10.10"]
[SourceVersion "1"]
[SourceVersionDate "2023.10.10"]
[SourceQuality "1"]

1. e4 d5 2. exd5 Qxd5 3. Nc3 Qa5 4. d4 Nf6 5. Nf3 Nc6 6. Bb5 Ne4 7. Bd2 Nxc3 8. Bxc6+ bxc6 9. Bxc3 Qd5 10. 0-0 Bg4 11. Re1 Bxf3 12. Qxf3 Qxf3 13. gxf3 e6 14. Re4 Bd6 15. b3 Kd7 16. Bb2 Rhb8 17. c4 a5 18. Rh4 h6 19. c5 Be7 20. Rg4 Bf6 21. Bc3 a4 22. b4 a3 23. Re4 Ke7 24. f4 g6 25. Rae1 Rd8 26. R1e3 Rd5 27. Rh3 Bg7 28. Kg2 Rad8 29. Rd3 f5 30. Re1 Bxd4 31. Bxd4 Rxd4 32. Rxa3 Rxb4 33. Rae3 Re4 34. Rxe4 fxe4 35. Rxe4 Rd2 36. Ra4 Rc2 37. Ra5 Rc3 38. a4 Kf6 39. Ra7 Rxc5 40. Rxc7 Kf5 41. Rf7+ Ke4 42. Rf6 g5 43. Rxe6+ Kxf4 44. Rxh6 Rc3 45. Rh3 Rxh3 46. Kxh3 c5 47. a5 c4 48. a6 c3 49. a7 c2 50. a8Q c1Q 51. Qa4+ Kf5 52. Qd7+ Kg6 53. Qe6+ Kh5 54. Qe2+ Kg6 55. Kg2 Qc6+ 56. Qf3 Qa6 57. Qe4+ Kh6 58. h3 Qb6 59. Qd5 Qa6 60. Qe5 Qc6+ 61. Kg3 Qh1 62. Qf6+ Kh5 63. Qh8+ Kg6 64. Qg8+ Kh6 65. Qe6+ Kg7 66. Qe5+ Kg6 67. Qd6+ Kg7 68. Qd4+ Kg6 69. Qd3+ Kh6 70. Qf3 Qg1+ 71. Qg2 Qc1 72. Kh2 Qf4+ 73. Qg3 Qd2 74. h4 gxh4 75. Qxh4+ Kg6 76. Qg4+ Kf6 77. Kg3 Qd3+ 78. Kg2 Qd5+ 79. Kg3 Qd3+ 80. Kg2 Qd5+ 81. f3 Qd2+ 82. Kh3 Qe3 0-1

[Event "Titled Tuesday intern op 29th Nov Early"]
[Site "Chess.com INT"]
[Date "2022.11.29"]
[Round "4"]
[White "Sellitti, Federico"]
[Black "Tarasova, Viktoriya"]
[Result "1-0"]
[WhiteElo "2176"]
[BlackElo "2226"]
[PlyCount "85"]
[EventDate "2022.11.29"]
[EventType "swiss (blitz)"]
[EventRounds "11"]
[EventCountry "USA"]
[SourceTitle "EXT 2024"]
[Source "ChessBase"]
[SourceDate "2023.10.10"]
[SourceVersion "1"]
[SourceVersionDate "2023.10.10"]
[SourceQuality "1"]

1. e4 e5 2. Nc3 Nf6 3. f4 d5 4. fxe5 Nxe4 5. Qf3 f5 6. d3 Nxc3 7. bxc3 d4 8. Qg3 Nc6 9. Be2 Be6 10. Nf3 Qd7 11. 0-0 0-0-0 12. cxd4 Nxd4 13. Nxd4 Qxd4+ 14. Be3 Qa4 15. Bf3 h6 16. Rab1 b6 17. Qf2 g5 18. g4 f4 19. Bxb6 axb6 20. Kh1 Bd5 21. c4 Bc5 22. Qg2 Bxf3 23. Qxf3 Rhe8 24. Rfe1 Be3 25. Rb5 Qa6 26. h4 Qb7 27. Rd5 c6 28. Rxd8+ Rxd8 29. Kh2 c5 30. Qe2 Bd4 31. e6 f3 32. Qf1 Qc7+ 33. Kh3 f2 34. Re4 Rf8 35. e7 Rf3+ 36. Kg2 Qg3+ 37. Kh1 Qh3+ 38. Qxh3 Rxh3+ 39. Kg2 Rg3+ 40. Kxg3 f1Q 41. e8Q+ Kb7 42. Re7+ Ka6 43. Qa8# 1-0

[Event "Speed Chess Q2"]
[Site "Chess.com INT"]
[Date "2022.11.12"]
[Round "9"]
[White "Akobian, Varuzhan"]
[Black "Sellitti, Federico"]
[Result "0-1"]
[WhiteElo "2591"]
[BlackElo "2176"]
[PlyCount "62"]
[EventDate "2022.11.12"]
[EventType "swiss (blitz)"]
[EventRounds "14"]
[EventCountry "USA"]
[SourceTitle "CBM 211 Extra"]
[Source "ChessBase"]
[SourceDate "2023.01.31"]
[SourceVersion "1"]
[SourceVersionDate "2023.01.31"]
[SourceQuality "1"]

1. d4 d5 2. c4 e5 3. dxe5 d4 4. Nf3 Nc6 5. a3 Nge7 6. b4 Ng6 7. Bb2 Bg4 8. Nxd4 Ncxe5 9. Qc2 c5 10. bxc5 Bxc5 11. e3 0-0 12. Nd2 Rc8 13. h3 Bd7 14. Be2 Re8 15. N2f3 b5 16. Nxe5 Nxe5 17. 0-0 Nxc4 18. Bxc4 bxc4 19. Rfd1 Qb6 20. Rab1 Qg6 21. Qxg6 hxg6 22. Bc3 Ba4 23. Rd2 Rb8 24. Rxb8 Rxb8 25. Nf3 Bxa3 26. Rd5 Bc6 27. Ra5 Rb1+ 28. Kh2 Bd6+ 29. Be5 Bb4 30. Rxa7 f6 31. Bd4 Bd6+ 0-1

[Event "Speed Chess Q2"]
[Site "Chess.com INT"]
[Date "2022.11.12"]
[Round "11"]
[White "Barria Zuniga, Daniel"]
[Black "Sellitti, Federico"]
[Result "0-1"]
[WhiteElo "2341"]
[BlackElo "2176"]
[PlyCount "66"]
[EventDate "2022.11.12"]
[EventType "swiss (blitz)"]
[EventRounds "14"]
[EventCountry "USA"]
[SourceTitle "CBM 211 Extra"]
[Source "ChessBase"]
[SourceDate "2023.01.31"]
[SourceVersion "1"]
[SourceVersionDate "2023.01.31"]
[SourceQuality "1"]

1. c4 c5 2. g3 Nc6 3. Bg2 g6 4. Nc3 Bg7 5. d3 Nf6 6. Bd2 0-0 7. Rb1 Rb8 8. a3 a6 9. h3 b5 10. Bxc6 dxc6 11. b3 e5 12. f3 Nh5 13. Kf2 f5 14. Kg2 f4 15. g4 Ng3 16. Rh2 Be6 17. Be1 b4 18. axb4 cxb4 19. Na4 a5 20. e4 h5 21. Bxg3 fxg3 22. Kxg3 Bh6 23. Ne2 Qf6 24. Rf2 hxg4 25. hxg4 Bxg4 26. Kxg4 Be3 27. Qg1 Rb7 28. f4 Rh7 29. Qg3 Bxf2 30. Qxf2 Qe6+ 31. f5 gxf5+ 32. Kg3 Rg7+ 33. Kh3 fxe4+ 0-1

[Event "Speed Chess Q2"]
[Site "Chess.com INT"]
[Date "2022.11.12"]
[Round "14"]
[White "Demidov, Mikhail"]
[Black "Sellitti, Federico"]
[Result "0-1"]
[WhiteElo "2568"]
[BlackElo "2176"]
[PlyCount "176"]
[EventDate "2022.11.12"]
[EventType "swiss (blitz)"]
[EventRounds "14"]
[EventCountry "USA"]
[SourceTitle "CBM 211 Extra"]
[Source "ChessBase"]
[SourceDate "2023.01.31"]
[SourceVersion "1"]
[SourceVersionDate "2023.01.31"]
[SourceQuality "1"]

1. Nf3 Nf6 2. g3 g6 3. b3 Bg7 4. Bb2 0-0 5. Bg2 c5 6. c4 Nc6 7. 0-0 d6 8. d4 cxd4 9. Nxd4 Bd7 10. Nc2 a6 11. Nc3 Rb8 12. Rc1 Qa5 13. Ne3 b5 14. cxb5 axb5 15. Qd2 Rfc8 16. Rfd1 Be6 17. h3 b4 18. Na4 Ne5 19. Rxc8+ Rxc8 20. Nc2 Rb8 21. Nd4 Bd7 22. f4 Bxa4 23. fxe5 dxe5 24. Nf3 Bc6 25. Bxe5 Ne4 26. Qf4 Qb6+ 27. Kh2 Nc3 28. Rd4 Nxe2 29. Qe3 Bxe5 30. Qxe5 Bxf3 31. Rd1 f6 32. Qxe7 Bxg2 33. Kxg2 Nd4 34. g4 Ra8 35. Rd2 Ne6 36. Qxf6 Qe3 37. Qf2 Qxf2+ 38. Kxf2 Nc5 39. Ke3 Re8+ 40. Kf3 Kf7 41. Rd5 Ne6 42. h4 Ra8 43. Rd2 h6 44. Ke4 Kf6 45. Rf2+ Ke7 46. Kd5 g5 47. hxg5 hxg5 48. Kc4 Rb8 49. Re2 Kd6 50. Rd2+ Ke5 51. Re2+ Kf6 52. Rf2+ Nf4 53. Rh2 Ke5 54. Rh7 Ke4 55. Rg7 Ne6 56. Rg6 Rb6 57. Rf6 Ke5 58. Rf5+ Ke4 59. Rf6 Ke5 60. Rf5+ Kd6 61. Rd5+ Ke7 62. Re5 Kf6 63. Rf5+ Kg6 64. Re5 Nf4 65. Rf5 Ra6 66. Kxb4 Rxa2 67. Kb5 Rg2 68. b4 Rxg4 69. Rc5 Rg2 70. Rc6+ Kf5 71. Ka6 Rb2 72. b5 Nd5 73. Rc5 Ke6 74. Ka7 g4 75. Rc4 g3 76. Rg4 g2 77. Rg3 Nf4 78. b6 Ra2+ 79. Kb8 Ra1 80. b7 g1Q 81. Rxg1 Rxg1 82. Ka8 Ra1+ 83. Kb8 Kd6 84. Kc8 Rc1+ 85. Kd8 Ne6+ 86. Ke8 Rb1 87. Kf7 Rxb7+ 88. Kf6 Nc5 0-1

[Event "Titled Tuesday intern op 27th Sep Early"]
[Site "Chess.com INT"]
[Date "2022.09.27"]
[Round "4"]
[White "Sellitti, Federico"]
[Black "Burmakin, Vladimir"]
[Result "1/2-1/2"]
[WhiteElo "2176"]
[BlackElo "2498"]
[PlyCount "96"]
[EventDate "2022.09.27"]
[EventType "swiss (blitz)"]
[EventRounds "11"]
[EventCountry "USA"]
[SourceTitle "CBM 210 Extra"]
[Source "ChessBase"]
[SourceDate "2022.11.30"]
[SourceVersion "1"]
[SourceVersionDate "2022.11.30"]
[SourceQuality "1"]

1. e4 c6 2. d4 d5 3. exd5 cxd5 4. Bd3 Nf6 5. c3 Qc7 6. Ne2 e6 7. Bf4 Bd6 8. Bxd6 Qxd6 9. 0-0 Nc6 10. Nd2 Rb8 11. Nf3 b5 12. Ng3 b4 13. Qe2 0-0 14. Ne5 bxc3 15. bxc3 Ne7 16. f4 g6 17. h4 Nf5 18. Nxf5 exf5 19. Rab1 Be6 20. Qc2 Ne4 21. Bxe4 dxe4 22. Qa4 Rbc8 23. Rfd1 Rxc3 24. d5 Bc8 25. Qxa7 Qf6 26. d6 Qxh4 27. d7 Bxd7 28. Rxd7 Qxf4 29. Nxf7 Rfc8 30. Rbd1 Rc1 31. Qb6 Rxd1+ 32. Rxd1 Qc7 33. Qxc7 Rxc7 34. Ne5 Rc2 35. a4 Ra2 36. g4 Rxa4 37. gxf5 gxf5 38. Rf1 Ra5 39. Rxf5 Kg7 40. Kf2 h5 41. Rxh5 Ra3 42. Nc4 Rc3 43. Ke2 e3 44. Re5 Rxc4 45. Rxe3 Rg4 46. Rf3 Rg6 47. Kf2 Rf6 48. Rxf6 Kxf6 1/2-1/2

[Event "Titled Tuesday intern op 27th Sep Early"]
[Site "Chess.com INT"]
[Date "2022.09.27"]
[Round "3"]
[White "Sellitti, Federico"]
[Black "Ilkhomi, Jaloliddin"]
[Result "1-0"]
[WhiteElo "2176"]
[BlackElo "2211"]
[PlyCount "111"]
[EventDate "2022.09.27"]
[EventType "swiss (blitz)"]
[EventRounds "11"]
[EventCountry "USA"]
[SourceTitle "CBM 210 Extra"]
[Source "ChessBase"]
[SourceDate "2022.11.30"]
[SourceVersion "1"]
[SourceVersionDate "2022.11.30"]
[SourceQuality "1"]

1. e4 e6 2. b3 d5 3. Bb2 dxe4 4. Nc3 Nf6 5. Qe2 Nbd7 6. Nxe4 Nxe4 7. Qxe4 Nf6 8. Qh4 Nd5 9. Qg3 Nf6 10. 0-0-0 b6 11. Nf3 Bb7 12. Bb5+ c6 13. Bd3 Qd6 14. Ne5 Nd7 15. Rhe1 Nxe5 16. Bxe5 Qa3+ 17. Kb1 0-0-0 18. Bxg7 Rg8 19. Bxf8 Rgxf8 20. f4 Rd5 21. Re5 Rfd8 22. Rxd5 cxd5 23. f5 d4 24. fxe6 fxe6 25. Re1 Qd6 26. Qxd6 Rxd6 27. Bxh7 Bxg2 28. h4 Rd7 29. Bg6 Bh3 30. h5 Bf5 31. Bxf5 exf5 32. Re8+ Kc7 33. Rf8 Rh7 34. Rxf5 Kd6 35. Rf4 Ke5 36. Rh4 Rh6 37. Kb2 a6 38. b4 b5 39. Kb3 Kd5 40. a4 Ke5 41. axb5 axb5 42. c4 dxc3 43. dxc3 Kd5 44. Rh1 Kc6 45. c4 bxc4+ 46. Kxc4 Kb6 47. Kd4 Kb5 48. Ke5 Kxb4 49. Kf5 Kc5 50. Kg5 Rd6 51. h6 Rd5+ 52. Kf6 Rd6+ 53. Ke7 Ra6 54. h7 Ra7+ 55. Ke6 Ra6+ 56. Ke5 1-0

[Event "Titled Tuesday intern op 09th Aug Early"]
[Site "Chess.com INT"]
[Date "2022.08.09"]
[Round "4"]
[White "Sellitti, Federico"]
[Black "Petrova, Irina"]
[Result "1-0"]
[WhiteElo "2176"]
[BlackElo "2127"]
[PlyCount "63"]
[EventDate "2022.08.09"]
[EventType "swiss (blitz)"]
[EventRounds "11"]
[EventCountry "USA"]
[SourceTitle "EXT 2023"]
[Source "ChessBase"]
[SourceDate "2022.10.05"]
[SourceVersion "1"]
[SourceVersionDate "2022.10.05"]
[SourceQuality "1"]

1. e4 d6 2. Nc3 Nf6 3. g3 e5 4. Bg2 Be7 5. d3 0-0 6. f4 Nc6 7. Nf3 Bg4 8. 0-0 Nd4 9. Ne2 Nxf3+ 10. Bxf3 Bxf3 11. Rxf3 d5 12. fxe5 dxe4 13. exf6 Bc5+ 14. Re3 Qxf6 15. d4 Rad8 16. c3 Bb6 17. Rxe4 c5 18. d5 c4+ 19. Be3 Qf5 20. Bxb6 Qxe4 21. Bxd8 Rxd8 22. Nf4 g5 23. Qg4 Qe3+ 24. Kf1 h6 25. Re1 Qd2 26. Nh5 Qxh2 27. Re2 Qh1+ 28. Kf2 Qh2+ 29. Ke3 Re8+ 30. Kd2 Rxe2+ 31. Qxe2 Qh1 32. Qe8+ 1-0

[Event "Titled Tuesday intern op 12th Apr Late"]
[Site "Chess.com INT"]
[Date "2022.04.12"]
[Round "4"]
[White "Miszler, Levente"]
[Black "Sellitti, Federico"]
[Result "1-0"]
[WhiteElo "2232"]
[BlackElo "2176"]
[PlyCount "83"]
[EventDate "2022.04.12"]
[EventType "swiss (blitz)"]
[EventRounds "11"]
[EventCountry "USA"]
[SourceTitle "CBM 207 Extra"]
[Source "ChessBase"]
[SourceDate "2022.05.31"]
[SourceVersion "1"]
[SourceVersionDate "2022.05.31"]
[SourceQuality "1"]

1. Nf3 Nf6 2. c4 c5 3. g3 Nc6 4. Bg2 g6 5. 0-0 Bg7 6. Nc3 0-0 7. d3 d5 8. cxd5 Nxd5 9. Nxd5 Qxd5 10. Be3 Bg4 11. Nd4 Qd6 12. Nxc6 bxc6 13. Qc2 Bd4 14. Bxd4 cxd4 15. Rac1 Rac8 16. Rfe1 c5 17. h3 Be6 18. Qa4 Rc7 19. b3 Bd5 20. Bxd5 Qxd5 21. Rc4 e5 22. Rec1 Rfc8 23. Qa5 Qe6 24. Rxc5 Rxc5 25. Rxc5 Qxh3 26. Qxa7 Re8 27. Qb7 h5 28. Rc7 h4 29. Qf3 Qe6 30. gxh4 Kg7 31. Rc6 Qe7 32. Qg4 Rh8 33. Qg5 Qe8 34. Qf6+ Kg8 35. Rd6 Kh7 36. h5 Rg8 37. h6 Kxh6 38. Qh4+ Kg7 39. Qf6+ Kh6 40. Rd5 e4 41. Re5 Qc8 42. Rxe4 1-0

[Event "Titled Tuesday intern op 12th Apr Late"]
[Site "Chess.com INT"]
[Date "2022.04.12"]
[Round "5"]
[White "Sellitti, Federico"]
[Black "Kang, Dorian"]
[Result "1-0"]
[WhiteElo "2176"]
[BlackElo "2019"]
[PlyCount "65"]
[EventDate "2022.04.12"]
[EventType "swiss (blitz)"]
[EventRounds "11"]
[EventCountry "USA"]
[SourceTitle "CBM 207 Extra"]
[Source "ChessBase"]
[SourceDate "2022.05.31"]
[SourceVersion "1"]
[SourceVersionDate "2022.05.31"]
[SourceQuality "1"]

1. e4 c5 2. Nc3 Nc6 3. g3 g6 4. Bg2 Bg7 5. d3 Nf6 6. Be3 d6 7. h3 0-0 8. Qd2 a6 9. Bh6 b5 10. Bxg7 Kxg7 11. e5 dxe5 12. Bxc6 Ra7 13. Bg2 Be6 14. Ne4 Rc7 15. Nxf6 exf6 16. Ne2 Qc8 17. g4 c4 18. d4 exd4 19. Nxd4 Rd8 20. c3 Re7 21. 0-0 Bd5 22. Bxd5 Rxd5 23. Rae1 Ree5 24. f4 Rxe1 25. Qxe1 h5 26. Qe2 hxg4 27. hxg4 Qh8 28. Kg2 b4 29. Rh1 Qa8 30. Qf3 bxc3 31. bxc3 Qd8 32. Qh3 Rxd4 33. Qh6+ 1-0

[Event "Titled Tuesday intern op 12th Apr Late"]
[Site "Chess.com INT"]
[Date "2022.04.12"]
[Round "1"]
[White "Simonovic, Miroslav"]
[Black "Sellitti, Federico"]
[Result "0-1"]
[WhiteElo "2115"]
[BlackElo "2176"]
[PlyCount "112"]
[EventDate "2022.04.12"]
[EventType "swiss (blitz)"]
[EventRounds "11"]
[EventCountry "USA"]
[SourceTitle "CBM 207 Extra"]
[Source "ChessBase"]
[SourceDate "2022.05.31"]
[SourceVersion "1"]
[SourceVersionDate "2022.05.31"]
[SourceQuality "1"]

1. d4 d5 2. Bg5 Nc6 3. e3 Nf6 4. Bxf6 exf6 5. c4 Be6 6. cxd5 Bxd5 7. Nc3 Bb4 8. Nge2 0-0 9. a3 Bxc3+ 10. Nxc3 Re8 11. Qd2 Na5 12. Nxd5 Qxd5 13. Qc3 Rad8 14. 0-0-0 Rd6 15. Kb1 Rc6 16. Qb4 Rb6 17. Qa4 Nc6 18. Qc4 Qf5+ 19. Qc2 Qd7 20. Bd3 g6 21. h4 Ne7 22. h5 Qd6 23. hxg6 fxg6 24. Ka1 Rc6 25. Qb3+ Kg7 26. Rc1 Rb6 27. Qc3 Nd5 28. Qc5 Qxc5 29. Rxc5 c6 30. Rhc1 f5 31. Bc4 Nf6 32. Bd3 h5 33. b4 a6 34. Ka2 Ne4 35. Bxe4 fxe4 36. Re5 Rxe5 37. dxe5 Rb5 38. Rc5 Rxc5 39. bxc5 Kf7 40. Kb3 g5 41. Kb4 h4 42. Ka5 g4 43. Kb6 h3 44. gxh3 gxh3 45. Kc7 Ke6 46. Kxb7 h2 47. Kxc6 h1Q 48. Kb7 Qc1 49. c6 Qb2+ 50. Ka7 Qc3 51. Kb7 Qb3+ 52. Ka7 Qxa3 53. c7 Kd7 54. f4 Kxc7 55. e6 Qb4 56. Ka8 Qb7# 0-1

[Event "Titled Tuesday intern op 12th Apr Late"]
[Site "Chess.com INT"]
[Date "2022.04.12"]
[Round "2"]
[White "Urazayev, Arystanbek"]
[Black "Sellitti, Federico"]
[Result "1-0"]
[WhiteElo "2420"]
[BlackElo "2176"]
[PlyCount "69"]
[EventDate "2022.04.12"]
[EventType "swiss (blitz)"]
[EventRounds "11"]
[EventCountry "USA"]
[SourceTitle "CBM 207 Extra"]
[Source "ChessBase"]
[SourceDate "2022.05.31"]
[SourceVersion "1"]
[SourceVersionDate "2022.05.31"]
[SourceQuality "1"]

1. d4 d5 2. c4 Nc6 3. e3 e5 4. Nc3 exd4 5. exd4 Nf6 6. Nf3 Be7 7. cxd5 Nxd5 8. Bc4 Be6 9. Bb3 0-0 10. 0-0 Qd7 11. Re1 Bf6 12. Ne4 Be7 13. Ba4 Bd6 14. Ne5 Bxe5 15. dxe5 Nde7 16. Qxd7 Bxd7 17. Nc5 Bc8 18. e6 fxe6 19. Nxe6 Bxe6 20. Rxe6 Rae8 21. Bg5 Nf5 22. Rae1 Rxe6 23. Rxe6 Ncd4 24. Re1 b5 25. Bd1 c5 26. Re5 h6 27. Bd2 Rd8 28. Ba5 Nc6 29. Bxd8 Nxe5 30. Kf1 Kf7 31. Be2 a6 32. f4 Nd7 33. Bf3 Nd4 34. Bb7 Nb6 35. Bxb6 1-0

[Event "Titled Tuesday intern op 05th Apr Early"]
[Site "Chess.com INT"]
[Date "2022.04.05"]
[Round "4"]
[White "Leiva Rodriguez, Jeammarco Giuseppe"]
[Black "Sellitti, Federico"]
[Result "1-0"]
[WhiteElo "2405"]
[BlackElo "2176"]
[PlyCount "73"]
[EventDate "2022.04.05"]
[EventType "swiss (blitz)"]
[EventRounds "11"]
[EventCountry "USA"]
[SourceTitle "CBM 207 Extra"]
[Source "ChessBase"]
[SourceDate "2022.05.31"]
[SourceVersion "1"]
[SourceVersionDate "2022.05.31"]
[SourceQuality "1"]

1. e4 e5 2. Nf3 d5 3. d4 dxe4 4. Nxe5 Bd6 5. Nc4 Nf6 6. Nc3 Nc6 7. Bg5 Bb4 8. a3 Bxc3+ 9. bxc3 h6 10. Bh4 0-0 11. Ne3 Qd6 12. Bc4 Ne7 13. Bg3 Qd7 14. Be5 Nfd5 15. Qh5 Nxe3 16. fxe3 Qg4 17. Qxg4 Bxg4 18. h3 Bh5 19. Rb1 b6 20. Kd2 c6 21. a4 Rfd8 22. a5 b5 23. Ba2 a6 24. c4 c5 25. cxb5 cxd4 26. Bxd4 axb5 27. Rxb5 Nc6 28. Bd5 Nxd4 29. exd4 Ra7 30. Ra1 Kf8 31. Rb7 Ra6 32. c4 f5 33. Ke3 Be8 34. Rb6 Ra7 35. a6 Bf7 36. Rb7 Rda8 37. Rxf7+ 1-0

[Event "Titled Tuesday intern op 23rd Nov"]
[Site "Chess.com INT"]
[Date "2021.11.23"]
[Round "1"]
[White "Sellitti, Federico"]
[Black "Milosevic, Milos"]
[Result "0-1"]
[WhiteElo "2176"]
[BlackElo "2316"]
[PlyCount "142"]
[EventDate "2021.11.23"]
[EventType "swiss (blitz)"]
[EventRounds "11"]
[EventCountry "USA"]
[SourceTitle "CBM 205 Extra"]
[Source "ChessBase"]
[SourceDate "2022.01.31"]
[SourceVersion "1"]
[SourceVersionDate "2022.01.31"]
[SourceQuality "1"]

1. e4 c6 2. d4 d5 3. exd5 cxd5 4. Bd3 Nc6 5. Nf3 g6 6. c3 Bg7 7. Bf4 Nf6 8. Nbd2 Bf5 9. Bxf5 gxf5 10. Qe2 0-0 11. Ne5 e6 12. 0-0-0 Qa5 13. Kb1 Rfc8 14. g4 fxg4 15. h3 Qa6 16. Qe3 b5 17. Rdg1 b4 18. Nxg4 Nxg4 19. Rxg4 bxc3 20. Rxg7+ Kxg7 21. Bh6+ Kh8 22. Nb3 Rg8 23. Qxc3 Rg6 24. Bf4 Ne7 25. Nc5 Qe2 26. Re1 Qh5 27. Be5+ f6 28. Bd6 Qf5+ 29. Ka1 Nc8 30. Bc7 Nb6 31. Nxe6 Re8 32. Qc6 Rxe6 33. Qc1 Rxe1 34. Qxe1 Qe4 35. Qc1 Nc4 36. Bg3 Rg8 37. b3 Nb6 38. Kb2 Rc8 39. Qd2 Qf5 40. Qe3 Qc2+ 41. Ka3 Qc6 42. Kb2 Qc2+ 43. Ka3 Qc1+ 44. Kb4 Qxe3 45. fxe3 Nd7 46. Bf4 Rc2 47. a4 Rg2 48. Kb5 Rb2 49. b4 Nb6 50. a5 Nc4 51. Kc5 Rb3 52. b5 Nxa5 53. Kxd5 Rxb5+ 54. Ke6 Rb3 55. d5 Nc4 56. Kxf6 Nxe3 57. d6 Nd5+ 58. Ke6 Nxf4+ 59. Kf5 Rd3 60. Ke5 Nxh3 61. Ke6 Ng5+ 62. Ke7 a5 63. d7 Nf7 64. Kxf7 Rxd7+ 65. Kf8 Rd1 66. Kf7 a4 67. Kf8 a3 68. Kf7 a2 69. Kf8 a1Q 70. Ke8 Qe5+ 71. Kf8 Rf1# 0-1

[Event "Titled Tuesday intern op 09th Nov"]
[Site "Chess.com INT"]
[Date "2021.11.09"]
[Round "2"]
[White "Sellitti, Federico"]
[Black "Kovalenko, Igor"]
[Result "0-1"]
[WhiteElo "2176"]
[BlackElo "2668"]
[PlyCount "58"]
[EventDate "2021.11.09"]
[EventType "swiss (blitz)"]
[EventRounds "11"]
[EventCountry "USA"]
[SourceTitle "CBM 205 Extra"]
[Source "ChessBase"]
[SourceDate "2022.01.31"]
[SourceVersion "1"]
[SourceVersionDate "2022.01.31"]
[SourceQuality "1"]

1. e4 e6 2. b3 b6 3. Bb2 Bb7 4. Nc3 Nf6 5. Qe2 Bb4 6. 0-0-0 a5 7. e5 Nd5 8. Nxd5 Bxd5 9. Qg4 0-0 10. Nf3 Qe7 11. Bd3 h6 12. h4 a4 13. Rh3 Ba3 14. Rg3 Bxb2+ 15. Kxb2 f5 16. exf6 Rxf6 17. c4 axb3 18. axb3 Qa3+ 19. Kc2 Qa2+ 20. Kc3 Qa5+ 21. Kc2 Rf7 22. cxd5 Na6 23. Qe4 Nb4+ 24. Kb2 Qa2+ 25. Kc3 Nxd5+ 26. Kd4 Qb2+ 27. Kc4 Ra4+ 28. Kb5 c6+ 29. Kxa4 Qa2# 0-1

[Event "Titled Tuesday intern op 09th Nov"]
[Site "Chess.com INT"]
[Date "2021.11.09"]
[Round "5"]
[White "Sellitti, Federico"]
[Black "Langner, Ladislav"]
[Result "1-0"]
[WhiteElo "2176"]
[BlackElo "2370"]
[PlyCount "65"]
[EventDate "2021.11.09"]
[EventType "swiss (blitz)"]
[EventRounds "11"]
[EventCountry "USA"]
[SourceTitle "CBM 205 Extra"]
[Source "ChessBase"]
[SourceDate "2022.01.31"]
[SourceVersion "1"]
[SourceVersionDate "2022.01.31"]
[SourceQuality "1"]

1. e4 c5 2. Nc3 e6 3. g3 Nc6 4. Bg2 g6 5. d3 Bg7 6. Be3 Nd4 7. Qd2 Qa5 8. Nge2 Ne7 9. 0-0 0-0 10. Nc1 d6 11. Nb3 Qc7 12. f4 Bd7 13. f5 exf5 14. Bh6 Bc6 15. Bxg7 Kxg7 16. Nxd4 cxd4 17. Ne2 d5 18. exf5 f6 19. Nf4 Bd7 20. fxg6 hxg6 21. Qf2 Rac8 22. Qxd4 Qxc2 23. Rae1 Nf5 24. Qxa7 Qc5+ 25. Qxc5 Rxc5 26. Bxd5 Re8 27. Rxe8 Bxe8 28. Ne6+ Kh6 29. Nxc5 Ne3 30. Re1 Nxd5 31. Rxe8 Nc7 32. Rb8 Na6 33. Nxa6 1-0

[Event "Titled Tuesday intern op 09th Nov"]
[Site "Chess.com INT"]
[Date "2021.11.09"]
[Round "4"]
[White "Sellitti, Federico"]
[Black "Terry, Renato"]
[Result "0-1"]
[WhiteElo "2176"]
[BlackElo "2504"]
[PlyCount "36"]
[EventDate "2021.11.09"]
[EventType "swiss (blitz)"]
[EventRounds "11"]
[EventCountry "USA"]
[SourceTitle "CBM 205 Extra"]
[Source "ChessBase"]
[SourceDate "2022.01.31"]
[SourceVersion "1"]
[SourceVersionDate "2022.01.31"]
[SourceQuality "1"]

1. e4 e6 2. b3 d5 3. Bb2 Nf6 4. exd5 exd5 5. Qe2+ Kd7 6. Nf3 Bd6 7. d4 Qe7 8. Ne5+ Kd8 9. Nd2 a5 10. a4 Nc6 11. 0-0-0 Re8 12. f4 Bg4 13. Ndf3 Kc8 14. h3 Bf5 15. Qb5 Nb4 16. Bd3 Bxd3 17. Rxd3 c6 18. Rc3 Na2+ 0-1